Statistics for Aircraft by Picture Quiz

Click here to take the quiz!

General Stats

  • This quiz has been taken 75 times
  • The average score is 10 of 15

Answer Stats

Answer% Correct
737-800
95%
A340-300
94%
A320-200
92%
747-400
89%
A380
89%
787-8
87%
777-200
86%
A350-900
78%
727
76%
A330-300
76%
717
63%
Q400
37%
E175
27%
E140
6%
II-86
0%

Score Distribution

Percentile by Number Answered

Percent of People with Each Score

Your Score History

You have not taken this quiz